| 000 | 01722cab a2200433 4500 | ||
|---|---|---|---|
| 001 | L136099 | ||
| 008 | 070109n2006 000 0 eng u | ||
| 035 | _a(Sirsi) u136099 | ||
| 041 | 0 | _aeng | |
| 100 | 1 | _aMurdoch, Sandi | |
| 245 | 0 | 0 | _aFestive round up |
| 260 | _c2006 | ||
| 490 | 0 |
_aEstates Gazette _v(0650) 16 December 2006, 82-83(2) |
|
| 520 | _aSummary of noteworthy and important cases from 2006. Cases included concern professional liabilities, defective buildings and landowner's rights and liabilities. | ||
| 590 | _aKA | ||
| 650 | 2 | 4 | _aAVONRIDGE PROPERTY CO LTD V MASHRU |
| 650 | 2 | 4 | _aEDLINGTON PROPERTIES LTD V J H FENNER AND CO LTD |
| 650 | 2 | 4 | _aSCOTTISH AND NEWCASTLE PLC V RAGUZ |
| 650 | 2 | 4 | _aFITZROY HOUSE EPWORTH STREET (NO.1) LTD AND ANOTHER V FINANCIAL TIMES |
| 650 | 2 | 4 | _aPIRBAKARAN V PATEL |
| 650 | 2 | 4 | _aOAKFERN PROPERTIES LTD V RUDDY |
| 650 | 2 | 4 | _aPOINTON YORK GROUP PLC V POULTON |
| 650 | 2 | 4 | _aBOSS HOLDINGS LTD V GROSVENOR WEST END PROPERTIES LTD AND ANOTHER |
| 650 | 2 | 4 | _aPREFERRED MORTGAGES LTD V COUNTRYWIDE SURVEYORS LTD |
| 650 | 2 | 4 | _aSTEPHENS AND ANOTHER V CANNON AND ANOTHER |
| 650 | 2 | 4 | _aFREEGUARD V THE ROYAL BANK OF SCOTLAND |
| 650 | 2 | 4 | _aBARCLAYS BANK PLC V KINGSTON |
| 650 | 2 | 4 | _aCATLIN ESTATES V CARTER JONAS |
| 650 | 2 | 4 | _aTECHNOTRADE LTD V LARKSTORE LTD |
| 650 | 2 | 4 | _aMALONEY V TORFAEN COUNTY BC |
| 650 | 2 | 4 | _aPERRIN AND ANOTHER V NORTHAMPTON BC AND OTHERS |
| 650 | 2 | 4 | _aHORSFORD V BIRD AND OTHERS |
| 650 | 2 | 4 | _aLUNN POLY LTD AND ANOTHER V LIVERPOOL AND LANCASHIRE PROPERTIES LTD AND ANOTHER |
| 650 | 2 | 4 | _aREGAN V PAUL PROPERTIES LTD AND OTHERS |
| 651 | 4 |
_aUnited Kingdom _y |
|
| 690 | _aPROPERTY | ||
| 700 | 1 | _aMurdoch, John | |
| 942 | _n0 | ||
| 999 |
_c78137 _d78137 |
||